000 nam a22 7a 4500
999 _c129
_d129
005 20180928064436.0
008 170908b xxu||||| |||| 00| 0 eng d
020 _a9781308583716
_bpaperback
040 _beng
_cAPEC Schools Library
_erda
082 _aC 415
_bG762t 2016
245 1 _aGrammar and composition handbook for grade 10 /
264 _a[Place of Publication not Identified] :
_bMcGraw-Hill Education ,
_c©2016.
_d[2016].
300 _aiv, 424 pages ;
_c23 cm
336 _2rdacontent
_atext
337 _2rdamedia
_aunmediated
338 _2rdacarrier
_avolume
650 _aEnglish language
_xGrammar.
651 _aEnglish language
_xComposition and exercises.
942 _2ddc
_cBK